MDQL
is popping MORE tags! Check the
thread
!
Quizzes
Events
Quiz Creation
Community
Videos
Private Events
Remove Ads
Sign In
Join for FREE
Feedback
Dark Mode
Quiz Categories
Sports
Geography
Music
Movies
Television
Just For Fun
Miscellaneous
History
Literature
Language
Science
Gaming
Entertainment
Religion
Holiday
For Kids
Quiz Lab
Recent
Popular Today
Quiz Kudos Today
Editor Picks
Curator Picks
Quizzes by...
Day
Popularity
Type
Ratings
Length
Year
Community
Subscriptions
Recent Discussions
Orange Saloon
Badges
Playlists
Quests
Create
Leaderboards
Showdown
Live 5
Trivia Bingo
Activity
Puzzle Library
Sporcle Events
Private Events
Virtual Trivia
Globe League
Become a Host
Pub Owners
SporcleCon
Opinionation
Our Games
Videos
Blog
Mobile Apps
Partnerships
Remove Ads and Go Orange
Feedback
Just For Fun
Clickable
Get the Picture
Humor
Quick Pick
Word Ladder
Missing Word
Mixed Word
Blitz
Minefield
This or That
Alphabet
Color
Typing
Sporcle
Puzzle
Word Play
Follow That Line
Logic
Just For Fun
Clickable
Get the Picture
Humor
Quick Pick
Word Ladder
Missing Word
Mixed Word
Blitz
Minefield
This or That
Alphabet
Color
Typing
Sporcle
Puzzle
Word Play
Follow That Line
Logic
Random Quiz
Search Sporcle
×
Quiz Lab
Quiz Lab
Just For Fun
Anime
Type in answers that appear in a list
Type in answers that appear in a list
Classic
Best Score? Go Orange.
Anime By Main Character Stats
Can you name the Anime By Main Character
By
thievingsquirrel
15m
22 Questions
247 Plays
247 Plays
247 Plays
Comments
Comments
Give Quiz Kudos
Give Quiz Kudos
-
- Ratings
hide this ad
Replay
Link that replays current quiz
Next Quiz
Link to next quiz in quiz playlist
You Got
0%
They Got
Avg Score
49%
Avg Friend Score
Upgrade to see
Score Distribution
Jump to the score distribution portion of the page
Score
0/22
Timer
15:00
0
Plays Today
Character
Anime
% Correct
L, Light Yagami, Ryuk
Death Note
97.2%
Maka Albarn, Soul Eater Evan, Death The Kid
Soul Eater
89.9%
Yukiteru Amano, Yuno Gasai, Aru Akise
Mirai Nikki
79.8%
Kanade Tachibana, Yozuro Otonashi, Yuri Nakamura
Angel Beats
76.9%
Nagisa Furukawa, Tomoya Okazaki, Kyou Fujibayashi
Clannad
76.9%
Mei Misaki, Kouichi Sakakibara, Reiko Mikami
Another
74.5%
Chihiro, No Face, Haku
Spirited Away
64.8%
Misaki Ayuzawa, Usui Takumi, Aoi Hyoudou
Kaichou Wa Maid Sama
60.7%
Ganta Igarashi, Shiro, Yo Takami
Deadman Wonderland
58.7%
Index, Touma Kamijou, Accelerator
A Certain Magical Index
57.9%
Rintarou Okabe, Kurisu Makise, Suzuha Amane
Steins Gate
53.8%
Character
Anime
% Correct
Hei (BK201), Mao, Yin
Darker Than Black
52.2%
Chihiro Furuya, Rea Sanka, Mero Furuya
Sankarea
34.8%
Mei Tachibana, Yamato Kurosawa, Megumi Kitagawa
Say I Love You
33.2%
Medaka Kurokami, Zenkichi Hitoyoshi, Maguro Kurokami
Medaka Box
32%
Amu Hinamori, Ikuto Tsukiyomi,Kairi Sanjou
Shugo Chara
30.8%
Sakura Li, Syaorin Li, Fi D Flowright
Tsubasa Chronicles Reservoir
28.3%
Yashiro Isana, Kuroh Yatogami, Misaki Yata
K
27.5%
Kei Takashima, Hikari Hanazono, Jun Yamamoto
Special A
25.1%
Sunako, Megumi Shimizu, Yuki Natsuno
Shiki
13%
Mai Taniyama, Masako Hara, Lin Koujo
Ghost Hunt
7.7%
Ania Fortuna, Misao Minakam, Kanade Takatsuki
Asura Cryin'
4%
Quiz Playlist
Details
Report
Send in Message
Add To Playlist
Classic:
Type in answers that appear in a list
Last Updated: Feb 16, 2017
Quiz Scoreboard
CHALLENGE
Sign Up to Join the Scoreboard
Show All
Scores
Hide
Comments
May contain spoilers
Recently Published
1-10 Letter E Words III
by El_Dandy
Language
2m
Street Fighter Characters
by Artimus82
Gaming
60s
College Basketball Coaching Resumes
by pancakes188
Sports
9m
More to Explore
Quiz From the Vault
Featured Blog Post
Where Did the Easter Bunny Come From?
hide this ad
You Might Also Like...
Tags
Anime Quiz
Today's Top Quizzes in Just For Fun
Browse Just For Fun
hide this ad
Today's Top Quizzes in Anime
Browse Anime
Top Contributed Quizzes in Just For Fun
1
Name Just One - 10 to 1: Just For Fun
2
Killer Double Trees 224 - Colour Match-Up
3
Spring Typing Challenge
4
Crossword Whiteout! 49
5
Zeroing In: Just For Fun
6
Survivor Winners Logic Puzzle
7
Word Ladder: Ahoy Matey
8
Word Ladder: Wilderness Weapon
9
Kyle's 122nd Triple Trees
10
Clickable Animal Jokes #2
Explore More
Trending Topics
Crossword
Anime
Harry Potter
Disney
Marvel
NBA
Kpop
Puzzle
NFL
Song
The Office
Country
Soccer
Pokémon
WWE
hide this ad
More By:
thievingsquirrel
Quiz
Plays
Rating
Category
Featured
Created
Anime by Antonyms
477
1.25
Just For Fun
Nov 1, 2014
anime by description
432
2.00
Just For Fun
Nov 1, 2014
Anime Main Characters
309
2.00
Just For Fun
Nov 1, 2014
anime by first line
261
Just For Fun
Nov 5, 2014
Anime By Main Character
247
4.00
Just For Fun
Nov 1, 2014
Go to Creator's Profile
Score Distribution
Quiz Creator Spotlight
thievingsquirrel
Follow
Send a Message
Quizzes Created
-
Created Quiz Play Count
-
More By This Creator
Popular Quizzes Today
1
Find the US States - No Outlines Minefield
2
Find the Countries of Europe - No Outlines Minefield
3
The Countries of the World
4
Find the US States
5
Risky Map Clicking: Biggest States A-Z
6
US States
7
Popular People in 1961
8
Movies - When Are They Set?
More Just For Fun Quizzes
Multi-Category Minefield Blitz XVII
Published
Trending Quizzes
Risky Map Clicking: Least Populous States A-Z
1-10 Letter G Words
USA Borders Longest to Shortest
1-10 Letter F Words
Countries of the World: 200 Million BC
Recently Updated
Leaping Animals
pecheneg
Reality TV Shows (A-Z)
bhenderson79
Rickey Henderson's Hall of Fame Teammates
pecheneg
Champions League XIs: Arsenal
pecheneg
Quick Pick: Celebrities in WWE's Hall of Fame
aduchscher
A-Z Keypad Blitz II
pecheneg
Multiple Oscar Actors
pecheneg
Mystery Phrase Blitz: Oscar 'Best Actors'
pecheneg
F. Scott Fitzgerald Novels
LTH
Pick 3 Villains
ddd62291
Trending Topics
Kpop
Anime
Harry Potter
Disney
Marvel
Crossword
NBA
Song
Puzzle
Country
The Office
Soccer
WWE
Pokémon
NFL
Your Account Isn't Verified!
In order to create a playlist on Sporcle, you need to verify the email address you used during registration. Go to your
Sporcle Settings
to finish the process.
Report this User
Report this user for behavior that violates our
Community Guidelines
.
Details:
Send Report
Go to the Sporcle.com Mobile Site →
Comments